000 00607ntaaa2200193 4500
003 01
005 20251027201706.0
008 0714s1973 ag 01
040 _aAR-BaBN
_bspa
_cAR-BaBN
_eaacr
_dRIC
082 _a233.0000 L26h
100 _aLangino Jr., Charles F.
_915567
245 _aEl hombre: ser social
250 _a1 ed.
260 _aEl Paso :
_bCasa Bautista de Publicaciones,
_c1973
300 _a32 p
500 _aExplora el papel del cristiano en el orden social, y algunas formas prácticas para que los estudiantes puedan dar expresión a su fe.
650 _ajovenes
_91664
942 _cBK
999 _c11645
_d11645